000 005040000a22001690004500
090 _aAR
_b03327
245 1 0 _aBirds of the Sierra Macarena, eastern Colombia
500 _a<Colección Aves>
650 1 4 _aOrnitología
_993189
650 1 4 _aAves
_992429
650 1 4 _aListas de aves
_996886
651 4 _lSierra de La Macarena
_dMeta
_pColombia
_992749
041 0 _aInglés
100 1 _aBlake, Emmet R.
_996969
942 _cARTICULO
773 1 _tField Museum of Natural History
_3843
_h11
_q69-112
_d1962
_g44
999 _c12378
_d12378